الكافية في الجدل : (Record no. 5880)
[ view plain ]
| 000 -الفاتح | |
|---|---|
| حقل البيانات ثابتة الطول | 00875nac a22002051u 4500 |
| 008 - عناصر البيانات ثابتة الطول - معلومات عامة | |
| حقل البيانات ثابتة الطول | 080902s ua|||||r|||| 000 0 ara d |
| 020 ## - الرقم الدولى المعيارى للكتب | |
| الرقم الدولى المعيارى للكتاب | 7239440 |
| 082 ## - رقم تصنيف ديوى العشرى | |
| رقم التصنيف | 251 |
| رقم المادة | ج و ي |
| رقم الطبعة | 22 |
| 100 ## - المدخل الرئيسى - إسم شخصى | |
| الإسم الشخصى | إمام الحرمين الجويني، عبد الملك بن عبد الله |
| 9 (RLIN) | 355 |
| التواريخ المصاحبة للاسم | 1028-1085 م |
| 245 ## - بيان العنوان | |
| العنوان | الكافية في الجدل : |
| بقية العنوان | للجويني إمام الحرمين / |
| بيان المسئوليه,etc | تحقيق فوقية حسين محمود |
| 260 ## - PUBLICATION, DISTRIBUTION, ETC. (IMPRINT) | |
| مكان الناشر او الموزع | القاهرة : |
| اسم الناشر او الموزع | عيسي البابي الحلبي,1979. |
| تاريخ النشر أو التوزيع | 1979. |
| 300 ## - الوصف المادى | |
| التعداد | 659 ص ; |
| أبعاد الوعاء | 24سم |
| 504 ## - تبصرة ببليوجرافية | |
| تبصرة ببليوجرافية,الخ | يحتوي علي ببليوجرافية ص 623-630 وفهارس |
| 511 ## - | |
| -- | Catalogued by: Sara |
| 650 ## - المدخل الاضافى بالموضوع-مصطلح موضوعى | |
| مصطلح موضوعي أو اسم جغرافي كعنصر مدخل | الفقه الإسلامي، أصول |
| 9 (RLIN) | 15064 |
| 650 ## - المدخل الاضافى بالموضوع-مصطلح موضوعى | |
| مصطلح موضوعي أو اسم جغرافي كعنصر مدخل | القياس |
| 9 (RLIN) | 15070 |
| 650 ## - المدخل الاضافى بالموضوع-مصطلح موضوعى | |
| مصطلح موضوعي أو اسم جغرافي كعنصر مدخل | الإجماع |
| 9 (RLIN) | 15066 |
| 700 ## - المدخل الاضافى - اسم شخصى | |
| الإسم الشخصى | محمود، فوقية حسين |
| 9 (RLIN) | 202 |
| 942 ## - عناصر المدخل الإضافي( كوها) | |
| Koha [default] item type | Book - Borrowing |
| سابقة رقم الطلب | 251ج و ي |
| مصدر التصنيف او مخطط الترفيف | Dewey Decimal Classification |
| حالة التراجع | حالة الفقد | مصدر التصنيف او خطة الترفيف | حالة تلف | ليس للاعارة | مجموعات كوها | المكان الدائم | المكان الحالي | موقع الترفيف | تاريخ الاكتساب | Source of acquisition | رقم الاستدعاء | الباركود | Date last seen | نوع الوعاء |
|---|---|---|---|---|---|---|---|---|---|---|---|---|---|---|
| Dewey Decimal Classification | Central Library | Central Library | Lower Floor | 07/11/2007 | 251 إما | 000007614 | 15/07/2025 | Book - Borrowing |